000 00532nam a2200193 a 4500
001 1758696065029
003 YourLibrary
005 20250924121255.0
008 250924s2002##################000#0#eng##
020 _a9780792370574
082 0 4 _a572.87
_bSOB
100 1 _aSobti, R.C.,
_eauthor.
245 1 0 _aSome Aspects of Chromosome Structure and Function :
260 _bSpringer Science & Business Media,
_c2002.
300 _a266 pages
650 0 _aMedical.
942 _cENGLISH
040 _aYourLibrary
_beng
_cYourLibrary
999 _c589197
_d589197